00249nam a2200085Ia 4500008004100000100002400041245005600065260003400121300000800155201231s9999 xx 000 0 und d aTrivedi, Harshad R. 0aScheduled castes Quest for Land and Social Equality aNew DelhibConcept Publishing a227